000 00308nam a22001457a 4500
008 230913b ||||| |||| 00| 0 eng d
020 _a9780521409490
041 _aeng
080 _a521
082 _a521EMI
100 _a19
101 _aASTRO
245 _aPLANET EARTH
_cEMILIANI.C
942 _2udc
_cBK
999 _c60374
_d60374